00562nam a2200169 i 4500001000300000100002600003245009200029260002100121040000800142041000800150080001000158942000700168008004100175999001700216856009800233952006100331bg1 aBIERNACKI, Franciszek 0aTeoria odwzorowań powierzchni dla geodetów i kartografów /cFranciszek Biernacki. aWarszawa,c1949. cBPK apol a528.9 cKS s pl f |000 0 pol  c16283d16283 uhttp://koha.tu.koszalin.pl/cgi-bin/koha/opac-detail.pl?biblionumber=16283yKatalog online BPK 00104070aBPKbBPKcwo19926p01708554s2013-06-27yKS